000 01103cam a2200289 4500
001 WB3709-28
008 000000n2001 000 0 eng u
035 _a(Sirsi) u111215
245 _aFoot and mouth outbreak triggers food-chain scrutiny
260 _c2001
490 _aTimes
_v24 February 2001, 7(1)
520 _aThe Agriculture Minister had announced a long term policy review of food industry to identify if current practices are contributing to any increased risk to human or animal health. Possible outcomes include a ban on bringing cooked meat and prepared foods into the country and the use of a network local abattoirs to prevent the spread of disease.
590 _aWB
650 _aANIMAL HEALTH
650 _aANIMAL WELFARE
650 _aABATTOIRS
650 _aDISEASES
650 _aFOOD INDUSTRY
650 _aFOOT-AND-MOUTH DISEASE
650 _aIMPORTS
650 _aPROPERTY-RURAL AND NATURAL ASSETS-AGRICULTURAL PROPERTY-LIVESTOCK
650 _aPUBLIC HEALTH
650 _aSWINE FEVER
650 _aTRANSPORTATION
690 _aRural
_96268
942 _n0
999 _c66260
_d66260